Fireflies: what do you want to be? (Record no. 237066)

MARC details
000 -LEADER
fixed length control field 00510nam a2200169Ia 4500
008 - FIXED-LENGTH DATA ELEMENTS--GENERAL INFORMATION
fixed length control field 191130s2003##################000#0#eng##
020 ## - INTERNATIONAL STANDARD BOOK NUMBER
ISBN 9780199139842
082 ## - DEWEY DECIMAL CLASSIFICATION NUMBER
Classification number 370.114 BER
100 ## - MAIN ENTRY--AUTHOR NAME
Personal name Berry, Shilo
245 ## - TITLE STATEMENT
Title Fireflies: what do you want to be?
Statement of responsibility, etc Shilo Berry
260 ## - PUBLICATION, DISTRIBUTION, ETC. (IMPRINT)
Place of publication Oxford
Name of publisher Oxford University Press
Year of publication 2003
300 ## - PHYSICAL DESCRIPTION
Number of Pages 24 p. : col. ill. ; 22 cm
650 ## - SUBJECT ADDED ENTRY--TOPICAL TERM
Topical Term Professions -- Pictorial works
Holdings
Withdrawn status Lost status Damaged status Not for loan Home library Current library Date acquired Full call number Accession Number Price effective from Koha item type
        Anna Centenary Library Anna Centenary Library 13.10.2020 370.114 BER 158885 13.10.2020 English Books
        Anna Centenary Library Anna Centenary Library 13.10.2020 370.114 BER 516266 13.10.2020 English Books

Find us on the map